| 000 | 00720nam a2200229Ia 4500 | ||
|---|---|---|---|
| 003 | GCL | ||
| 008 | 140319s9999 xx 000 0 ara d | ||
| 040 |
_aGCL / _cGCL |
||
| 082 | 0 | 4 |
_a189 _bا ه |
| 100 | 1 | _aاحمد محمد صبحى | |
| 245 | 1 | 0 |
_aهاؤم اقراؤا كتابيه: محاولة لتجديد الفكر الاسلامى / _cاحمد محمد صبحى |
| 300 | _a359 ص | ||
| 490 |
_aالهيئة العامة للاستعلامات _v0 |
||
| 650 | 0 | 4 | _aالفلسفة الاسلامية |
| 650 | 0 | 4 | _aالاسلام |
| 650 | 0 | 4 | _aالفقه |
| 650 | 0 | 4 | _aالفلسفة |
| 650 | 0 | 4 | _aالحديث |
| 650 | 0 | 4 | _aالقران - تفسير |
| 650 | 0 | 4 | _aعلم الكلام |
| 942 |
_2ddc _cBK |
||
| 999 |
_c49360 _d49360 |
||